| 000 | 003140000a22000970004500 | ||
|---|---|---|---|
| 100 | 1 | _aLauderbaugh, Darlene | |
| 245 | 1 | 0 | _aProfile of an expatriate woman : LAM women touching lives in Costa Rica |
| 300 | _aVol. 78, Num 4 (Octubre-Diciembre, 1998), Páginas 18-19 | ||
| 773 | 0 | _tLatin America Evangelist | |
| 942 | _cANA | ||
| 999 |
_c55157 _d55157 |
||